Algorithms/ (Record no. 198312)

MARC details
000 -LEADER
fixed length control field 00697nam a22002057a 4500
005 - DATE AND TIME OF LATEST TRANSACTION
control field 20230918153911.0
010 ## - LCCN (DPL NO)
LC control number ENG-138120
020 ## - INTERNATIONAL STANDARD BOOK NUMBER
International Standard Book Number 9789355325525
Terms of availability 835.00
035 ## - SYSTEM CONTROL NUMBER
System control number EN-121652
037 ## - SOURCE OF ACQUISITION
Source of stock number/acquisition DBAD/PUB
082 ## - DEWEY DECIMAL CLASSIFICATION NUMBER
Classification number 005.73
100 ## - MAIN ENTRY--PERSONAL NAME
Personal name Dasgupta,Sanjoy
245 ## - TITLE STATEMENT
Title Algorithms/
Statement of responsibility, etc By Sanjoy Dasgupta; Christos Papadimitriou and Umesh Vazirani
260 ## - PUBLICATION, DISTRIBUTION, ETC. (IMPRINT)
Place of publication, distribution, etc Tamil Nadu
Name of publisher, distributor, etc McGraw Hill Education(India) Private Limited
Date of publication, distribution, etc 2023
270 ## - ADDRESS
Address Anjana Complex No: 5/90A, Butt Road, St. Thomas Mount
City Chennai
Postal code 600016
300 ## - PHYSICAL DESCRIPTION
Extent v.p.
Dimensions 25cm(pbk)
700 ## - ADDED ENTRY--PERSONAL NAME
Personal name Papadimitriou, Christos
9 (RLIN) 56652
700 ## - ADDED ENTRY--PERSONAL NAME
Personal name Vazirani, Umesh
9 (RLIN) 56871
942 ## - ADDED ENTRY ELEMENTS (KOHA)
Source of classification or shelving scheme Dewey Decimal Classification
Item type English Books
Classification part 005.73
Call number suffix DAS
Holdings
Withdrawn status Lost status Not for loan Collection code Home library Current library Date acquired Source of acquisition Cost, normal purchase price Full call number Barcode Copy number Cost, replacement price Koha item type
      Non-fiction Bawana Bawana 18/09/2023 DBAD/PUB 835.00 005.73 DAS EN-121652 1 835.00 English Books

© Delhi Public Library
Hit Counter
free hit counter